header

The Report Card (Record no. 261025)

MARC details
000 -LEADER
fixed length control field 00235nam a22001097a 4500
020 ## - INTERNATIONAL STANDARD BOOK NUMBER
ISBN 139780439906784
100 ## - MAIN ENTRY--AUTHOR NAME
Personal name Andrew Clements
245 ## - TITLE STATEMENT
Title The Report Card
260 ## - PUBLICATION, DISTRIBUTION, ETC. (IMPRINT)
Place of publication New York
Name of publisher Scholastic
Year of publication 2004
300 ## - PHYSICAL DESCRIPTION
Number of Pages 173
942 ## - ADDED ENTRY ELEMENTS (KOHA)
Koha item type Long Loan Books

No items available.

© 2026 Rongo University
Contact us: librarian | system librarian | Rongo university